[Event "Titled Tue 17th Jun Early"]
[Site "chess.com INT"]
[Date "2025.06.17"]
[Round "8"]
[White "Dumanuly, Sultanbeibarys"]
[Black "Vlassov, Nikolai"]
[Result "0-1"]
[WhiteTitle "FM"]
[BlackTitle "IM"]
[WhiteElo "2212"]
[BlackElo "2291"]
[WhiteFideId "13731963"]
[BlackFideId "4103360"]
[EventDate "2025.06.17"]

1. e4 Nc6 2. Nf3 d5 3. exd5 Qxd5 4. Nc3 Qa5 5. Bc4 Bg4 6. O-O Nf6 7. Rb1 Qh5 8.
h3 Bxf3 9. Qxf3 Qxf3 10. gxf3 Nd4 11. Kg2 Nxc2 12. d3 Nd4 13. Be3 Nf5 14. Ne4 e6
15. b4 Be7 16. b5 O-O 17. Bf4 Rac8 18. Bg3 Nh5 19. Rfe1 Rfd8 20. Rb3 Nd6 21. a4
b6 22. Rb2 Kf8 23. Rc2 Nxc4 24. dxc4 Rd3 25. Be5 f6 26. Bc3 Nf4+ 27. Kg3 e5 28.
Re3 Rcd8 29. c5 bxc5 30. Ba5 Rd1 31. Re1 Rxe1 32. Bxe1 Rd1 33. Ba5 Ne6 34. Kg2
Rd4 35. Nc3 Rc4 36. Rd2 Nd4 37. Nd5 Rxa4 38. Bxc7 c4 39. Rc2 Nxb5 0-1

[Event "Titled Tue 17th Jun Early"]
[Site "chess.com INT"]
[Date "2025.06.17"]
[Round "8"]
[White "Gajic, Mladen"]
[Black "Rathbone-Jones, Ifan"]
[Result "1/2-1/2"]
[WhiteTitle "FM"]
[BlackTitle "CM"]
[WhiteElo "2246"]
[BlackElo "2208"]
[WhiteFideId "1709178"]
[BlackFideId "1803859"]
[EventDate "2025.06.17"]

1. d4 e6 2. Nf3 d5 3. c4 Nf6 4. e3 a6 5. Nc3 dxc4 6. Bxc4 b5 7. Bd3 Bb7 8. O-O
Nbd7 9. e4 b4 10. e5 bxc3 11. exf6 cxb2 12. fxg7 Bxg7 13. Bxb2 Nb6 14. Rc1 Nd5
15. Ba3 Nf4 16. Re1 Nxd3 17. Qxd3 Bf8 18. Bxf8 Kxf8 19. Rc5 Bd5 20. Rec1 c6 21.
Ne5 Qg5 22. f3 Rc8 23. Nxc6 Rxc6 24. Rxc6 Bxc6 25. Rxc6 Kg7 26. d5 Qxd5 27. Qxd5
exd5 28. Rd6 Rb8 29. Rxd5 Rb1+ 30. Kf2 Rb2+ 31. Kg3 Rxa2 32. h4 a5 33. h5 Kh6
34. Kh3 a4 35. g4 Ra1 36. Ra5 a3 37. Kg3 a2 38. Kf4 Kg7 39. Ra6 h6 40. Kf5 Rf1
41. Rxa2 Rxf3+ 42. Ke4 Rg3 43. Kf4 Rg1 44. Rf2 Ra1 45. Kg3 Ra3+ 46. Rf3 Ra4 47.
Rf4 Ra3+ 48. Kh4 Ra1 49. Rf3 Rh1+ 50. Kg3 Rg1+ 51. Kf4 Ra1 52. Re3 Ra4+ 53. Re4
Ra5 54. Re5 Ra4+ 55. Kf5 Ra6 56. Rd5 Rf6+ 57. Ke4 Re6+ 58. Kf4 Rf6+ 59. Rf5 Ra6
60. Re5 Rf6+ 61. Kg3 Ra6 62. Re3 Ra4 63. Rf3 Ra5 64. Rf4 Ra1 65. Rf3 Ra4 66. Kh4
Ra1 67. Kg3 Rg1+ 68. Kf4 Ra1 69. Re3 Ra4+ 70. Re4 Ra5 71. Re5 Ra6 72. Re4 Ra5 1/2-1/2

[Event "Titled Tue 17th Jun Early"]
[Site "chess.com INT"]
[Date "2025.06.17"]
[Round "8"]
[White "Garde, Guillaume"]
[Black "Stefanov, Plamen"]
[Result "1-0"]
[WhiteTitle "CM"]
[WhiteElo "2211"]
[BlackElo "1982"]
[WhiteFideId "45138273"]
[BlackFideId "2900980"]
[EventDate "2025.06.17"]

1. d4 Nf6 2. Nf3 g6 3. Nbd2 Bg7 4. e4 d6 5. Bd3 O-O 6. O-O b6 7. c3 Bb7 8. Qe2
Nbd7 9. a4 e5 10. a5 Re8 11. a6 Bxe4 12. Nxe4 Nxe4 13. Bxe4 exd4 14. Qc2 d3 15.
Bxd3 Nc5 16. Bb5 Re7 17. Be3 Ne4 18. Bc6 f5 19. Bxa8 Qxa8 20. Bd4 Bh6 21. Rfe1
c5 22. Be3 f4 23. Bc1 g5 24. Ra4 d5 25. h3 Qe8 26. c4 d4 27. Ra3 Bg7 28. Rd3 h5
29. Rdd1 d3 30. Qxd3 g4 31. Nd2 Nxf2 32. Rxe7 Qxe7 33. Kxf2 Bd4+ 34. Kf1 gxh3
35. Qxh3 Qg5 36. Qf3 Qg6 37. Ne4 Qf5 38. Rxd4 cxd4 39. Qxf4 Qe6 40. Qg5+ Kh8 41.
Qf6+ 1-0

[Event "Titled Tue 17th Jun Early"]
[Site "chess.com INT"]
[Date "2025.06.17"]
[Round "8"]
[White "Toktomushev, Teimur"]
[Black "Karas, Marek"]
[Result "1-0"]
[WhiteTitle "FM"]
[BlackTitle "FM"]
[WhiteElo "2390"]
[BlackElo "2215"]
[WhiteFideId "14176726"]
[BlackFideId "14928558"]
[EventDate "2025.06.17"]

1. d4 d5 2. c4 e6 3. Nc3 Bb4 4. Nf3 Nf6 5. Qa4+ Nc6 6. e3 O-O 7. Qc2 dxc4 8.
Bxc4 Bd6 9. h3 e5 10. O-O exd4 11. exd4 Ne7 12. Bg5 Bf5 13. Qb3 Nc6 14. Qxb7 Na5
15. Qb5 Nxc4 16. Qxf5 Nxb2 17. Ne5 c5 18. Ne4 Be7 19. Nc6 Nxe4 20. Nxe7+ Kh8 21.
Qxe4 f6 22. Nc6 Qd7 23. Bc1 Na4 24. d5 Nc3 25. Qe6 Qc7 26. Re1 h6 27. Bd2 Na4
28. Qe7 Qc8 29. Rab1 Nb6 30. Qe6 Qc7 31. Ba5 Rae8 32. Qxe8 Rxe8 33. Rxe8+ Kh7
34. Bxb6 axb6 35. Rd1 Qd7 36. Re7 Qd6 37. Re6 Qd7 38. Ree1 c4 39. d6 c3 40. Nb8
Qd8 41. Nc6 Qd7 42. Re2 b5 43. Rc2 b4 44. Nxb4 Qa4 45. d7 Qxc2 46. Nxc2 1-0

[Event "Titled Tue 17th Jun Early"]
[Site "chess.com INT"]
[Date "2025.06.17"]
[Round "8"]
[White "Sarquis, Maria Belen"]
[Black "Darmanin, Jake"]
[Result "1-0"]
[WhiteTitle "WIM"]
[BlackTitle "CM"]
[WhiteElo "2156"]
[BlackElo "2052"]
[WhiteFideId "111805"]
[BlackFideId "5601061"]
[EventDate "2025.06.17"]

1. e4 e5 2. Nf3 Nc6 3. Bc4 Nf6 4. d3 d5 5. exd5 Nxd5 6. O-O Bc5 7. Re1 O-O 8.
Nbd2 f6 9. Ne4 Be7 10. c3 Kh8 11. d4 Bg4 12. dxe5 Nb6 13. Be2 Qxd1 14. Bxd1 Bxf3
15. Bxf3 Nxe5 16. Be2 Rad8 17. Bf4 Bd6 18. Nxd6 cxd6 19. Rad1 Kg8 20. b3 Kf7 21.
c4 Rfe8 22. Rd2 Nc8 23. Red1 b6 24. a4 Re7 25. Kf1 Rde8 26. Bg3 g6 27. Rd5 Kf8
28. h3 Kf7 29. Bf4 Kf8 30. Bc1 Kf7 31. Ba3 Rd7 32. f4 Nc6 33. c5 bxc5 34. Bxc5
Rde7 35. Bc4 dxc5 36. Rxc5+ Kg7 37. Rxc6 Nb6 38. Bb5 Re4 39. Rc7+ R8e7 40. Rxe7+
Rxe7 41. Kf2 Rc7 42. a5 Nc8 43. Rd8 Ne7 44. Ra8 Nf5 45. Bc4 Nd6 46. Bd5 Nb5 47.
a6 Rd7 48. Bc6 Rd2+ 49. Ke3 1-0

[Event "Titled Tue 17th Jun Early"]
[Site "chess.com INT"]
[Date "2025.06.17"]
[Round "8"]
[White "Murthy, Pappu"]
[Black "Ghosh, Chanchal Kumer"]
[Result "0-1"]
[BlackTitle "CM"]
[WhiteElo "1838"]
[BlackElo "2018"]
[WhiteFideId "2013401"]
[BlackFideId "10201858"]
[EventDate "2025.06.17"]

1. e4 c5 2. d4 cxd4 3. c3 dxc3 4. Nxc3 d6 5. Nf3 a6 6. Bc4 e6 7. O-O Ne7 8. h4
Ng6 9. h5 Ne5 10. Nxe5 dxe5 11. Qe2 Nc6 12. Be3 Be7 13. Rfd1 Qc7 14. Rac1 O-O
15. h6 g6 16. Bb3 Qa5 17. f3 Nd4 18. Qf2 Nxb3 19. axb3 Qb4 20. Na4 Qxb3 21. Nb6
Rb8 22. Rc3 Qb5 23. Rdc1 Bd7 24. Nxd7 Qxd7 25. Rc7 Qd8 26. Qg3 Bd6 27. R7c2 Qe7
28. Bg5 f6 29. Be3 Rbd8 30. Qf2 Rd7 31. Rc8 Rxc8 32. Rxc8+ Rd8 33. Rc2 Bb8 34.
Bb6 Re8 35. g4 f5 36. Kg2 fxg4 37. fxg4 Qg5 38. Kg3 Qxh6 39. Be3 Qg7 40. Bg5 Rf8
41. Qe3 Qf7 42. Bh6 Qf4+ 43. Qxf4 exf4+ 44. Kf3 Rd8 45. Rc3 e5 46. g5 b5 47. b4
Bd6 48. Rc6 Bxb4 49. Rxa6 Rd3+ 0-1

[Event "Titled Tue 17th Jun Early"]
[Site "chess.com INT"]
[Date "2025.06.17"]
[Round "8"]
[White "Atoyan, Alberto"]
[Black "Karpenko, Anton"]
[Result "0-1"]
[WhiteTitle "CM"]
[BlackTitle "CM"]
[WhiteElo "2266"]
[BlackElo "2219"]
[WhiteFideId "13314831"]
[BlackFideId "34374353"]
[EventDate "2025.06.17"]

1. e4 c5 2. Nf3 Nc6 3. Bc4 g6 4. O-O Bg7 5. c3 e6 6. d4 cxd4 7. cxd4 d5 8. exd5
exd5 9. Re1+ Nge7 10. Bf1 h6 11. Nc3 Be6 12. Ne5 O-O 13. Bf4 Rc8 14. Qd2 Kh7 15.
Rad1 Re8 16. h3 a6 17. Na4 Nf5 18. Nxc6 Rxc6 19. Be5 Bxe5 20. Rxe5 Qc7 21. b4
Rc2 22. Qf4 f6 23. Rxf5 Bxf5 24. Qf3 Qc6 25. Nc5 b6 26. Nxa6 Rxa2 27. b5 Qd6 28.
Rc1 Rc2 29. Rxc2 Bxc2 30. Qc3 Bf5 31. Nb4 Rc8 32. Nc6 Bd7 33. Qf3 Bxc6 34. bxc6
Rxc6 35. h4 h5 36. g3 Kg7 37. Bd3 f5 38. Qe3 Rc7 39. Qg5 Qf6 40. Qf4 Re7 41. Kg2
Qc6 42. Qg5 Qf6 43. Qf4 Kf7 44. Qb8 Qc6 45. Qh8 Qf6 46. Qh7+ Qg7 0-1

[Event "Titled Tue 17th Jun Early"]
[Site "chess.com INT"]
[Date "2025.06.17"]
[Round "8"]
[White "Osiecki, Stanislaw"]
[Black "Diaz Guerrero, Jesus Daniel"]
[Result "1-0"]
[WhiteTitle "FM"]
[BlackTitle "CM"]
[WhiteElo "1944"]
[BlackElo "2076"]
[WhiteFideId "1102990"]
[BlackFideId "3979288"]
[EventDate "2025.06.17"]

1. e4 e5 2. Nf3 Nc6 3. Bb5 a6 4. Bxc6 dxc6 5. O-O f6 6. d4 exd4 7. Nxd4 c5 8.
Nb3 Qxd1 9. Rxd1 Bd6 10. Be3 b6 11. Nc3 Be6 12. Nd5 Bxd5 13. Rxd5 Ne7 14. Rd2
O-O-O 15. f3 Be5 16. c3 Rxd2 17. Nxd2 Rd8 18. Nc4 Nc6 19. Kf2 Bd6 20. Nxd6+ Rxd6
21. f4 Na5 22. b3 Nb7 23. Kf3 Re6 24. f5 Re7 25. Bf4 Nd8 26. Re1 Nf7 27. g4 Kb7
28. h4 Kc6 29. g5 c4 30. b4 Rd7 31. Re3 Nd6 32. Bxd6 Kxd6 33. Kf4 Kc6 34. e5
fxe5+ 35. Rxe5 Rd2 36. Re7 Rf2+ 37. Kg4 g6 38. fxg6 hxg6 39. Rg7 Kd5 40. Rxg6
Ke4 41. Rf6 Rg2+ 42. Kh5 Kd3 43. Rf3+ Ke4 44. Rh3 a5 45. bxa5 bxa5 46. g6 Kf5
47. Rf3+ Ke4 48. Rf7 Kd3 49. Rxc7 Kxc3 50. Kh6 Kd3 51. h5 c3 52. g7 1-0

[Event "Titled Tue 17th Jun Early"]
[Site "chess.com INT"]
[Date "2025.06.17"]
[Round "8"]
[White "Mafra, Kaiser Luiz"]
[Black "Cramling Bellon, Anna"]
[Result "1-0"]
[WhiteTitle "CM"]
[BlackTitle "WFM"]
[WhiteElo "2076"]
[BlackElo "2046"]
[WhiteFideId "2106698"]
[BlackFideId "32009232"]
[EventDate "2025.06.17"]

1. d4 d5 2. Nc3 e6 3. Bf4 a6 4. e3 c5 5. Nf3 Nf6 6. a3 Nc6 7. Bd3 Bd6 8. Bg3 O-O
9. O-O Bxg3 10. hxg3 Nd7 11. dxc5 Nxc5 12. Be2 b5 13. Nd4 Ne5 14. Qd2 Bb7 15.
Rad1 Nc4 16. Qc1 Qf6 17. Bf3 Ne5 18. Nce2 Rac8 19. Qb1 Ne4 20. Bxe4 dxe4 21. Nb3
Qh6 22. Nf4 Bd5 23. Nd4 Ng4 24. Nh3 Bc4 25. Rfe1 Ne5 26. Ne2 Nf3+ 27. gxf3 Bxe2
28. Rxe2 exf3 29. Nf4 fxe2 30. Nxe2 Rc5 31. Nf4 g5 32. Ng2 Rfc8 33. c3 Qf6 34.
Rd6 Rf5 35. Qe1 a5 36. e4 Rf3 37. Qe2 b4 38. axb4 axb4 39. e5 Qf5 40. Ne3 Qe4
41. Rd4 Qc6 42. Rxb4 Ra8 43. Rd4 Ra1+ 44. Nd1 1-0

[Event "Titled Tue 17th Jun Early"]
[Site "chess.com INT"]
[Date "2025.06.17"]
[Round "8"]
[White "Moldagali, Beksultan"]
[Black "Vihaan Dumir"]
[Result "1-0"]
[WhiteTitle "FM"]
[BlackTitle "CM"]
[WhiteElo "2397"]
[BlackElo "2230"]
[WhiteFideId "13734768"]
[BlackFideId "25901010"]
[EventDate "2025.06.17"]

1. e4 c6 2. d4 d5 3. Nd2 dxe4 4. Nxe4 Nf6 5. Nxf6+ exf6 6. Bd3 Bd6 7. Qh5 g6 8.
Qh6 Bf8 9. Qh4 Bg7 10. Ne2 O-O 11. O-O Re8 12. c3 a5 13. Bh6 Na6 14. Nf4 Nc7 15.
Rfe1 Bd7 16. Rxe8+ Nxe8 17. Re1 Bxh6 18. Qxh6 Ng7 19. Re3 Qf8 20. h4 Re8 21.
Rxe8 Qxe8 22. Kf1 Bg4 23. f3 Nf5 24. Bxf5 Bxf5 25. Kf2 c5 26. Ne2 c4 27. Qe3 Qb5
28. Qd2 Bd3 29. Nf4 Bb1 30. a3 Bd3 31. g4 f5 32. g5 b6 33. Kg3 Kg7 34. Qe3 Qxb2
35. Qe5+ Kg8 36. Qe8+ Kg7 37. Qe5+ Kg8 38. Nd5 Qe2 39. Nf6+ Kf8 40. Qb8+ Ke7 41.
Qe8+ Kd6 42. Qd7# 1-0

[Event "Titled Tue 17th Jun Early"]
[Site "chess.com INT"]
[Date "2025.06.17"]
[Round "8"]
[White "Bruhovich, Olexandr"]
[Black "Shafer, Logan C"]
[Result "1-0"]
[WhiteTitle "CM"]
[BlackTitle "CM"]
[WhiteElo "2208"]
[BlackElo "2217"]
[WhiteFideId "14119919"]
[BlackFideId "30993342"]
[EventDate "2025.06.17"]

1. e4 e5 2. Nf3 Nc6 3. Bb5 a6 4. Ba4 Nf6 5. O-O Be7 6. Re1 b5 7. Bb3 O-O 8. a4
Bb7 9. d3 b4 10. c3 a5 11. Bg5 d6 12. Nbd2 Nb8 13. Nf1 Nbd7 14. Ng3 Re8 15. d4
h6 16. dxe5 hxg5 17. exf6 Bxf6 18. Qd2 Nc5 19. Bc2 b3 20. Bd3 Ne6 21. Nf5 d5 22.
e5 Be7 23. h4 g4 24. Nh6+ Kf8 25. Nxg4 Bxh4 26. Rad1 Bg5 27. Nxg5 Qxg5 28. Qxg5
Nxg5 29. f4 Ne4 30. Bxe4 dxe4 31. Rd7 Re7 32. Red1 Rae8 33. Ne3 Bc6 34. R7d4 f5
35. exf6 gxf6 36. g4 Re6 37. Kf2 Kf7 38. Rh1 Rg8 39. Rh7+ Rg7 40. Rxg7+ Kxg7 41.
Nf5+ Kf7 42. Ke3 Re8 43. Rc4 Bd7 44. Rxc7 Rd8 45. Nd6+ Ke6 46. Nxe4 Bxa4 47.
Nc5+ Kd6 48. Na6 1-0

[Event "Titled Tue 17th Jun Early"]
[Site "chess.com INT"]
[Date "2025.06.17"]
[Round "8"]
[White "Uzuner, Tufan Can"]
[Black "Ersoz, Teoman Guney"]
[Result "0-1"]
[WhiteTitle "CM"]
[BlackTitle "CM"]
[WhiteElo "1909"]
[BlackElo "2052"]
[WhiteFideId "6300499"]
[BlackFideId "44537050"]
[EventDate "2025.06.17"]

1. d4 Nf6 2. Nf3 g6 3. c4 Bg7 4. Nc3 d5 5. h4 h6 6. cxd5 Nxd5 7. e4 Nxc3 8. bxc3
c5 9. Be3 Nc6 10. Qd2 Qa5 11. Rb1 cxd4 12. cxd4 Qxd2+ 13. Kxd2 Bg4 14. Rxb7 Bxf3
15. gxf3 Nxd4 16. Bxd4 Bxd4 17. Bb5+ Kf8 18. Ke2 a6 19. Bc4 Bf6 20. f4 Rc8 21.
Bb3 e6 22. Rd1 Rd8 23. Rc1 Re8 24. h5 gxh5 25. Rh1 h4 26. Ra7 Rg8 27. Rxa6 Rd8
28. Rh3 Rg1 29. e5 Be7 30. Rc6 Rb1 31. Kf3 Rb2 32. Kg2 Rdd2 33. Rf3 Re2 34. Rc8+
Kg7 35. Rc7 Kf8 36. Rc8+ Kg7 37. Rc7 Bd8 38. Rb7 Kg6 39. Kf1 h3 40. Kg1 Bh4 41.
Rxh3 Bxf2+ 42. Kf1 Re1+ 43. Kg2 Bh4+ 44. Kf3 Rf2+ 45. Kg4 Rg1+ 46. Kxh4 Rxf4# 0-1

[Event "Titled Tue 17th Jun Early"]
[Site "chess.com INT"]
[Date "2025.06.17"]
[Round "8"]
[White "Rustamov, Rustam"]
[Black "George, Kevin"]
[Result "1-0"]
[WhiteTitle "FM"]
[BlackTitle "IM"]
[WhiteElo "2334"]
[BlackElo "2327"]
[WhiteFideId "13440110"]
[BlackFideId "10669515"]
[EventDate "2025.06.17"]

1. e4 e5 2. Nf3 Nf6 3. Nxe5 d6 4. Nf3 Nxe4 5. d4 d5 6. Bd3 Bd6 7. O-O O-O 8. c4
c6 9. Qc2 h6 10. Nc3 Bg4 11. Bxe4 dxe4 12. Qxe4 Bxf3 13. Qxf3 Qh4 14. g3 Qh3 15.
Qg2 Qf5 16. Qe4 Qh3 17. Be3 Nd7 18. Qg2 Qf5 19. Rad1 Nf6 20. d5 Be5 21. Bd4 Ng4
22. h3 Bxd4 23. Rxd4 Nf6 24. g4 Qe5 25. Rfd1 Rad8 26. Qg3 Qe7 27. d6 Qe6 28. Qe3
Qd7 29. Qe7 Qc8 30. d7 Qc7 31. b4 a5 32. a3 axb4 33. axb4 b5 34. cxb5 cxb5 35.
Nd5 Nxd5 36. Rxd5 Qf4 37. R5d4 Qf3 38. Qe3 Qc6 39. Qd3 Qb6 40. Rd5 Qc7 41. Rxb5
Qf4 42. Qd4 Qf3 43. Rd3 Qe2 44. Re5 Qa2 45. b5 Qb1+ 46. Kg2 f6 47. Rd5 Qa2 48.
Rc3 Qb2 49. Rc7 Kh8 50. Qxb2 1-0

[Event "Titled Tue 17th Jun Early"]
[Site "chess.com INT"]
[Date "2025.06.17"]
[Round "8"]
[White "Karttunen, Mika"]
[Black "Mrudul, Dehankar"]
[Result "1-0"]
[WhiteTitle "IM"]
[BlackTitle "WIM"]
[WhiteElo "2490"]
[BlackElo "2078"]
[WhiteFideId "502081"]
[BlackFideId "25096990"]
[EventDate "2025.06.17"]

1. d4 Nf6 2. c4 e6 3. g3 Bb4+ 4. Nd2 O-O 5. Bg2 d6 6. a3 Bxd2+ 7. Bxd2 e5 8.
dxe5 dxe5 9. Bb4 Re8 10. Qxd8 Rxd8 11. Be7 Re8 12. Bxf6 gxf6 13. Nf3 a5 14. Nd2
Na6 15. b4 c6 16. Ne4 Kg7 17. b5 cxb5 18. cxb5 Nc7 19. Nd6 Rd8 20. Rd1 Rb8 21.
a4 b6 22. O-O Be6 23. Rd3 Nd5 24. Nc4 Nb4 25. Rxd8 Rxd8 26. Nxb6 Rd6 27. Na8 Bb3
28. b6 Bxa4 29. b7 Rd8 30. Ra1 Bc6 31. Nb6 Bxg2 32. Kxg2 Rb8 33. Rxa5 Rxb7 34.
Nc4 Nc6 35. Rc5 Nd4 36. e3 Ne6 37. Rc8 Rd7 38. Nb6 Rc7 39. Re8 Rb7 40. Nd5 Rd7
41. Ne7 Kh6 42. Rg8 Ng5 43. g4 1-0

[Event "Titled Tue 17th Jun Early"]
[Site "chess.com INT"]
[Date "2025.06.17"]
[Round "8"]
[White "Dobre, Claudiu-Cristian"]
[Black "Foldes, Marton Gabor"]
[Result "0-1"]
[WhiteTitle "IM"]
[BlackTitle "FM"]
[WhiteElo "2287"]
[BlackElo "2295"]
[WhiteFideId "1211854"]
[BlackFideId "794708"]
[EventDate "2025.06.17"]

1. d4 Nf6 2. Nf3 e6 3. Bg5 d5 4. Nbd2 Be7 5. e3 h6 6. Bh4 O-O 7. Bd3 c5 8. c3 b6
9. Ne5 Nfd7 10. Bxe7 Qxe7 11. O-O Nxe5 12. dxe5 Ba6 13. Bxa6 Nxa6 14. f4 Nb8 15.
Qh5 Nc6 16. Rf3 f6 17. exf6 Qxf6 18. e4 d4 19. e5 Qf5 20. Qxf5 exf5 21. a4 Kf7
22. Nc4 Rg8 23. Nd6+ Ke6 24. Nb5 Rad8 25. Rd1 g5 26. cxd4 Nxd4 27. Nxd4+ Rxd4
28. Rxd4 cxd4 29. Rh3 gxf4 30. Rxh6+ Kxe5 31. Rh7 f3 32. g3 Rd8 33. Re7+ Kd5 34.
Kf2 Kc4 35. Kxf3 d3 36. Re1 Kb3 37. Ke3 d2 38. Rd1 Kc2 39. Rxd2+ Rxd2 40. h4 Rg2
41. Kf4 Kxb2 42. h5 a6 43. h6 b5 44. axb5 axb5 45. Kxf5 Rxg3 46. Kf4 Rh3 47. Kg5
b4 0-1

[Event "Titled Tue 17th Jun Early"]
[Site "chess.com INT"]
[Date "2025.06.17"]
[Round "8"]
[White "Chaulagain, Purusottam"]
[Black "Sutormin, Danila"]
[Result "1-0"]
[WhiteTitle "CM"]
[BlackTitle "FM"]
[WhiteElo "1952"]
[BlackElo "2381"]
[WhiteFideId "12300730"]
[BlackFideId "24108669"]
[EventDate "2025.06.17"]

1. d4 Nf6 2. Nc3 d5 3. Bf4 g6 4. Qd2 Bg7 5. O-O-O O-O 6. h4 h5 7. f3 c5 8. dxc5
Nc6 9. g4 d4 10. Nb5 e5 11. Bh6 Qa5 12. Bxg7 Qxa2 13. Qh6 Nh7 14. Bxf8 Nxf8 15.
gxh5 Qa1+ 16. Kd2 Qa5+ 17. c3 Qxb5 18. hxg6 Qxb2+ 19. Ke1 Qxc3+ 20. Kf2 Nxg6 21.
Rd3 Qxc5 22. h5 Nf4 23. Nh3 Nxd3+ 24. exd3 Qc2+ 25. Be2 Bg4 26. Rg1 f5 27. Ng5
Nd8 28. fxg4 f4 29. Qh7+ Kf8 30. Qf5+ Ke7 31. Qxe5+ Kf8 32. Qxf4+ Ke7 33. Qe5+
Kd7 34. Qxd4+ Ke7 35. Qg7+ Ke8 36. Rg3 Ne6 37. Qg8+ Ke7 38. Qxe6+ Kd8 39. Nf7+
Kc7 40. Qc4+ Qxc4 41. dxc4 Rf8 42. Rf3 a5 43. h6 a4 44. h7 1-0

[Event "Titled Tue 17th Jun Early"]
[Site "chess.com INT"]
[Date "2025.06.17"]
[Round "8"]
[White "Gavarrete, Nahun"]
[Black "Onur, Cigdem"]
[Result "1-0"]
[WhiteTitle "FM"]
[BlackTitle "WCM"]
[WhiteElo "2281"]
[BlackElo "1956"]
[WhiteFideId "8400709"]
[BlackFideId "6346030"]
[EventDate "2025.06.17"]

1. e4 e5 2. Nf3 Nc6 3. Bc4 Nf6 4. d3 h6 5. Nc3 Bb4 6. Bd2 d6 7. a3 Ba5 8. O-O
Bg4 9. h3 Bxf3 10. Qxf3 Nd4 11. Qd1 O-O 12. Ne2 c6 13. Ba2 b5 14. Nxd4 exd4 15.
f4 Bb6 16. Qf3 Rc8 17. e5 dxe5 18. fxe5 Nd5 19. Rae1 Rc7 20. Qg3 Ne3 21. Bxe3
dxe3 22. Kh1 Qe7 23. Qf4 Rd7 24. e6 fxe6 25. Bxe6+ Qxe6 26. Qxf8+ Kh7 27. Qf5+
Qxf5 28. Rxf5 g6 29. Rf6 Kg7 30. Rxc6 Rf7 31. Rxb6 axb6 32. Rxe3 Rf1+ 33. Kh2
Rf2 34. Re6 Rxc2 35. Rxb6 Rxb2 36. d4 Kf7 37. a4 b4 38. a5 b3 39. a6 Ra2 40. a7
Rxa7 41. Rxb3 Rd7 42. Rd3 Rd5 43. Kg3 Ke6 44. Kf3 Kf5 45. g4+ Kg5 46. Ke4 Rd8
47. d5 Re8+ 48. Kd4 Kf4 49. Kc5 Ke4 50. Rd1 Rc8+ 51. Kd6 Rc3 52. Ke6 Rxh3 53. d6
Ra3 54. d7 Ra6+ 55. Ke7 Ra7 56. Ke8 Ra8+ 57. d8=Q Rxd8+ 58. Rxd8 Kf4 59. Rd4+
Kg3 60. Kf7 h5 61. Kxg6 h4 62. g5 h3 63. Rd1 Kg2 64. Kf6 h2 65. g6 h1=Q 66. Rxh1
Kxh1 67. g7 1-0

[Event "Titled Tue 17th Jun Early"]
[Site "chess.com INT"]
[Date "2025.06.17"]
[Round "8"]
[White "Aakash, G"]
[Black "Maximov, Dmitry"]
[Result "1-0"]
[WhiteTitle "FM"]
[BlackTitle "GM"]
[WhiteElo "2123"]
[BlackElo "2476"]
[WhiteFideId "25644394"]
[BlackFideId "14105659"]
[EventDate "2025.06.17"]

1. d4 Nf6 2. c4 g6 3. Nc3 Bg7 4. e4 O-O 5. Be2 d6 6. Be3 e5 7. d5 Nbd7 8. Nf3
Ng4 9. Bg5 f6 10. Bh4 Nh6 11. Qd2 a5 12. O-O-O Nf7 13. Kb1 Nc5 14. Ne1 g5 15.
Bg3 f5 16. f3 g4 17. Bf2 b6 18. Ka1 a4 19. Nd3 Bd7 20. exf5 gxf3 21. gxf3 Bxf5
22. Rhg1 Kh8 23. Be3 Qh4 24. Nxc5 bxc5 25. Bd3 Bxd3 26. Qxd3 a3 27. Bc1 e4 28.
Nxe4 Rfb8 29. Rxg7 Kxg7 30. Qc3+ Kf8 31. Rg1 Ne5 32. f4 Qxh2 33. Rf1 Nf7 34.
bxa3 Re8 35. Ng5 Re2 36. Bb2 Qh6 37. Ne6+ Ke7 38. Qf3 Rxb2 39. Kxb2 Qf6+ 40. Kc2
Qf5+ 41. Kc1 Ra4 42. Qb3 Ra7 43. Re1 Kf6 44. Qc3+ 1-0

[Event "Titled Tue 17th Jun Early"]
[Site "chess.com INT"]
[Date "2025.06.17"]
[Round "8"]
[White "Yezhel, Valiantsin"]
[Black "Khafizova, Diana"]
[Result "1/2-1/2"]
[WhiteTitle "FM"]
[BlackTitle "WFM"]
[WhiteElo "2256"]
[BlackElo "2075"]
[WhiteFideId "13504983"]
[BlackFideId "34378049"]
[EventDate "2025.06.17"]

1. g4 d5 2. Bg2 Bxg4 3. c4 c6 4. Qb3 Qc8 5. cxd5 cxd5 6. Nc3 Nf6 7. Nxd5 Nc6 8.
Nxf6+ exf6 9. Nf3 Bd6 10. Qe3+ Be6 11. Nd4 Nxd4 12. Qxd4 Qc7 13. Qa4+ Bd7 14.
Qe4+ Be6 15. Qxb7 Qxb7 16. Bxb7 Rb8 17. Bc6+ Ke7 18. e3 Rhc8 19. Be4 f5 20. Bf3
f4 21. O-O fxe3 22. fxe3 f5 23. b3 g5 24. Bb2 g4 25. Be2 Bb4 26. Be5 Rb6 27. d4
a5 28. Rac1 Rxc1 29. Rxc1 Bd6 30. Bxd6+ Kxd6 31. Kf2 h5 32. Kg3 a4 33. bxa4 Rb2
34. Bb5 Rxa2 35. Rc6+ Ke7 36. Rc7+ Kf6 37. Rc6 Ra3 38. d5 Rxe3+ 39. Kf2 f4 40.
Rxe6+ Rxe6 41. dxe6 Kxe6 42. a5 Kd6 43. a6 Kc7 44. Ke2 Kb6 45. Bd3 Ka7 46. Kd2
Kb6 47. Bf1 h4 48. Ke1 g3 49. hxg3 fxg3 50. Be2 h3 51. Kf1 Ka7 52. Kg1 Kb6 53.
Kf1 Ka7 54. Kg1 Kb6 55. Kh1 Ka7 56. Kg1 1/2-1/2

[Event "Titled Tue 17th Jun Early"]
[Site "chess.com INT"]
[Date "2025.06.17"]
[Round "8"]
[White "Injac, Teodora"]
[Black "Dragnev, Valentin"]
[Result "0-1"]
[WhiteTitle "IM"]
[BlackTitle "GM"]
[WhiteElo "2457"]
[BlackElo "2547"]
[WhiteFideId "932400"]
[BlackFideId "1634852"]
[EventDate "2025.06.17"]

1. d4 d5 2. Nf3 e6 3. c3 Nf6 4. Bg5 Be7 5. Nbd2 h6 6. Bxf6 Bxf6 7. e4 dxe4 8.
Nxe4 Nd7 9. Bd3 O-O 10. Qe2 c5 11. dxc5 Qc7 12. O-O-O Nxc5 13. Nxf6+ gxf6 14.
Bc2 b5 15. Qe3 Kg7 16. h4 Bb7 17. Rh3 Rh8 18. Rg3+ Kf8 19. Kb1 Bxf3 20. Rxf3 Ke7
21. b4 Nd7 22. Rf4 Ne5 23. Rfd4 Rhd8 24. f4 Rxd4 25. Qxd4 Nc4 26. Bb3 Nd6 27.
Kb2 Nf5 28. Qe4 Rc8 29. Rd3 a5 30. a3 axb4 31. axb4 Qa7 32. g4 Nd6 33. Qd4 Qa6
34. g5 hxg5 35. hxg5 fxg5 36. fxg5 Ra8 37. Qf6+ Ke8 38. g6 Qa1+ 39. Kc2 Ra2+ 40.
Bxa2 Qxa2+ 41. Kd1 Qb1+ 42. Ke2 Qc2+ 43. Ke3 Nf5+ 44. Kf4 Qxd3 45. Qxf7+ Kd8 46.
Qg8+ Kd7 47. Qf7+ Ne7 48. g7 Qf1+ 49. Ke5 Qxf7 0-1